One Piece - Meurtre - Statistiques

Statistiques générales
  • Ce quiz a été pris 266 fois
  • Le résultat moyen est 11 sur 18
Statistiques - réponses
Personnage Réponse % Correct
Portgas D. Ace Akainu
98%
Kozuki Oden Kaido
95%
Edward Newgate Marshall D. Teach
95%
Don Quichotte Rossinante Don Quichotte Doflamingo
91%
Vergo Trafalgar D. Water Law
81%
Gol D. Roger la Marine
79%
Bell - mère Arlong
77%
Shimotsuki Yasuie Kurozumi Orochi
62%
Absalom Marshall D. Teach ( Shiryu )
60%
Pedro Charlotte Perospero
59%
Hiluluk Wapol
56%
Monet César Clown
49%
Fisher Tiger la Marine ( Strawberry )
46%
Ashura Doji Kurozumi Kanjuro
41%
Nico Olvia Buster Call
33%
Kurozumi Orochi Denjiro
28%
Claw D. Clover Spandine ( CP - 9 )
28%
Izo Maha ( CP - 0 )
25%
Aucun quiz correspondant
Distribution des résultats
% des personnes avec chaque résultat
Percentile par nombre de réponses
Votre historique - résultats
Vous n’avez pas pris ce quiz